Predaj majetkovej účasti v obchodnej spoločnosti z hľadiska zákona o dani z príjmov
S účinnosťou od 1. 1. 2018 sa aj do slovenskej daňovej legislatívy zaviedli pre právnické osoby pravidlá pre oslobodenie príjmov z predaja majetkovej účasti v obchodnej spoločnosti vo forme akcií a obchodných podielov. Pri predaji akcií alebo obchodného podielu je potrebné rozlišovať, či akcie alebo...
Na minha lista:
| Autor principal: | |
|---|---|
| Formato: | Capítulo de Livro |
| Idioma: | eslovaco |
| Assuntos: | |
| Tags: |
Sem tags, seja o primeiro a adicionar uma tag!
|
MARC
| LEADER | 00000naa a2200000 4500 | ||
|---|---|---|---|
| 001 | 0289937 | ||
| 005 | 20240417075222.9 | ||
| 041 | 0 | |a slo | |
| 044 | |a SK | ||
| 245 | 1 | 0 | |a Predaj majetkovej účasti v obchodnej spoločnosti z hľadiska zákona o dani z príjmov |c Lucia Vanková |
| 520 | |a S účinnosťou od 1. 1. 2018 sa aj do slovenskej daňovej legislatívy zaviedli pre právnické osoby pravidlá pre oslobodenie príjmov z predaja majetkovej účasti v obchodnej spoločnosti vo forme akcií a obchodných podielov. Pri predaji akcií alebo obchodného podielu je potrebné rozlišovať, či akcie alebo obchodný podiel predáva fyzická alebo právnická osoba. Ako predaj zdaniť a aké sú možnosti oslobodenia príjmu z predaja účasti v obchodnej spoločnosti u právnickej osoby, vysvetľuje nasledujúci príspevok. | ||
| 610 | 2 | 0 | |a dane z príjmov |
| 610 | 2 | 0 | |a účtovníctvo |
| 610 | 2 | 0 | |a spoločnosti obchodné |
| 610 | 2 | 0 | |a osoby právnické |
| 610 | 2 | 0 | |a majetok |
| 610 | 2 | 0 | |a predaj |
| 610 | 2 | 0 | |a legislatíva |
| 610 | 2 | 0 | |a zákony |
| 100 | 1 | |a Vanková, Lucia | |